000
00183 a2200097 4500
020
_a
9780375808500
041
_a
eng
100
_a
Brown, Marc
245
_a
Arthur in a pickle
942
_c
BK
999
_c
605
_d
605